000 00424nam a2200145Ia 4500
003 GCL
008 140319s9999 xx 000 0 ara d
040 _aGCL /
_cGCL
082 0 4 _a892.76
_bن ج
100 0 _aنجيب محفوظ,
_d1911-2006
_94
245 1 0 _aقصر الشوق (بالايطالية)
260 _a[S.N] :
_bالجامعة الامريكية بالقاهرة ،
_c1991
300 _a598 ص
942 _2ddc
_cBK
999 _c33491
_d33491